| 000 | 00622nam a22002297a 4500 | ||
|---|---|---|---|
| 005 | 20170124110028.0 | ||
| 010 | _aA-143271 | ||
| 020 |
_a0563124261 _c00.00 |
||
| 035 | _aA-143271 | ||
| 037 | _bCen Lib/Ret | ||
| 040 |
_aDPL _bEN |
||
| 082 |
_a575 _bCAL |
||
| 100 |
_aCalder, Nigel _921026 |
||
| 245 |
_aLife game / _cby Nigel Calder |
||
| 260 |
_aLondon _bBritish brodcasting corporation _c1973 |
||
| 270 | _bLondon | ||
| 300 |
_a142p.: _c21cm(Hb) _bill. |
||
| 500 | _aIncludes index | ||
| 650 |
_aEvolution (Biology) _920804 |
||
| 650 |
_aLife (Biology) _921027 |
||
| 942 |
_2ddc _cEN _h575 _mCAL |
||
| 999 |
_c127613 _d127613 |
||